| 000 | 00562nam a2200181 i 4500 | ||
|---|---|---|---|
| 001 | 96124 | ||
| 003 | ES-MaACL | ||
| 005 | 20250830111225.0 | ||
| 007 | t| | ||
| 008 | 050610s1946 sp ||||1| spa d | ||
| 100 | 1 |
_aMadoz y Moleres, José. _975336 |
|
| 245 | 1 | 3 |
_aLa Iglesia, nuestra madre _b: su paso de luz sobre la tierra / _cJosé Madoz y Moleres. |
| 260 |
_aBilbao : _bEl Mensajero del Corazón de Jesús, _c1946. |
||
| 300 |
_a311 p. ; _c18 cm. |
||
| 610 | 2 | 4 |
_aIglesia Católica _94639 |
| 852 |
_aES-MaACL _jC-4430 |
||
| 999 |
_c96124 _d96124 |
||